000 00351nam a2200133Ia 4500
005 20251222153526.0
008 251222s9999||||xx |||||||||||||| ||spa||
020 _a978-84-96921-40-5
082 _a611.8/K53
100 _a"Kiernan, John A."
245 0 _aBarr el sistema nervioso humano: Una perspectiva anatómica
250 _a9a.ed.
942 _cLIB
999 _c29901
_d29901